000 00334 a2200145 4500
001 153444
040 _cEscola São Tomás de Aquino
100 _aSALDANHA, Paula
240 1 0 _aUm sonho na Amazônia
_lpor
245 1 0 _aUm sonho na Amazônia
362 0 _a1994
440 1 _aEdiouro
697 _a*LITERATURA JUVENIL
942 _cBK
999 _c153444
_d153444